000 00348nam a2200145Ia 4500
100 _aKurose/ Keith W.Ross
250 _a2
942 _cBK
654 _anetworking
245 _aComputer Networking : A top down approach featuring the internet
260 _bPearson Education
_c2003
082 _a4.6
_bKUR
300 _a752
546 _aENGLISH
999 _c19175
_d19175